| 000 | 01801nam0a2200397 4500 | ||
|---|---|---|---|
| 001 | RU\NLR\BIBL_A\012612613 | ||
| 005 | 20240621095939.0 | ||
| 010 |
_a978-5-00156-178-1 _bНорма _9100 |
||
| 021 |
_aRU _bКН-П-21-038574 _9КН-П-21-3012 |
||
| 035 | _a(NLR Aleph) 012612613 | ||
| 090 |
_a12614469 _c12614469 |
||
| 100 | _a20211006d2021 k y0rusy50 ca | ||
| 101 | 0 | _arus | |
| 102 | _aRU | ||
| 105 | _ay z 000zy | ||
| 181 | 0 |
_ai4 _baxxe |
|
| 182 | 0 | _an | |
| 200 | 1 |
_aКвалификация преступлений в сюжетах художественной литературы _eмонография _fЛ. Р. Клебанов |
|
| 203 |
_aТекст _bвизуальный _cнепосредственный |
||
| 210 |
_aМосква _cНорма _d2021 |
||
| 215 |
_a230, [1] с. _d22 |
||
| 300 | _aНа 4-й с. обл. авт.: Л. Р. Клебанов - проф., д-р юрид. наук | ||
| 320 | _aБиблиогр.: с. 216-227 и в подстроч. примеч. | ||
| 606 | 1 |
_aПреступления _xКвалификация _yРоссийская Федерация _2nlr_sh1 _2nlr_sh2 _3RU\NLR\AUTH\661271044 |
|
| 606 | 1 |
_aПреступления _xв литературе мировой _2nlr_sh2 _3RU\NLR\AUTH\6601696395 |
|
| 686 | 1 | _aХ628.110.5 | |
| 686 | 1 | _aШ5(0)-34 | |
| 700 | 1 |
_aКлебанов _bЛ. Р. _gЛев Романович |
|
| 856 | 4 |
_lVNP_SKP _tVIEW _uhttps://webservices.nlr.ru/viewer/file?name=a012612613_002.txt _yАннотация |
|
| 856 | 4 | 1 |
_lVNP_SKP _tVIEW _uhttps://webservices.nlr.ru/viewer/file?name=t012612613_001.jpg _yОбложка |
| 942 | _cBOOK | ||
| 980 | 4 | _aVNP_SKP | |
| 980 | _aNB | ||